000
00235nam a22000857a 4500
999
_c
11606
_d
11606
008
190820b ||||| |||| 00| 0 eng d
100
_a
Khari smarika
_9
7314
245
_a
500 Children's Stories
260
_a
New Delhi
_b
Excellent Printers
_c
2019